<?xml version="1.0" encoding="UTF-8"?>
<collection xmlns="http://www.loc.gov/MARC21/slim">
 <record>
  <leader>02803nam a22003015a 4500</leader>
  <controlfield tag="001">EUN.um026439</controlfield>
  <controlfield tag="008">041125s1964####xxua##########000#0#eng#d</controlfield>
  <controlfield tag="005">20231122125009.0</controlfield>
  <datafield tag="245" ind1="1" ind2="0">
   <subfield code="a">Modern university physics /</subfield>
   <subfield code="c">James A. Richards ... [et al.].</subfield>
  </datafield>
  <datafield tag="260" ind1=" " ind2=" ">
   <subfield code="a">Reading :</subfield>
   <subfield code="b">Addison-Wesley,</subfield>
   <subfield code="c">1964.</subfield>
  </datafield>
  <datafield tag="300" ind1=" " ind2=" ">
   <subfield code="a">1006 p. :</subfield>
   <subfield code="b">ilus. ;</subfield>
   <subfield code="c">24 cm.</subfield>
  </datafield>
  <datafield tag="490" ind1="1" ind2=" ">
   <subfield code="a">Addison-Wesley series in physics</subfield>
  </datafield>
  <datafield tag="500" ind1=" " ind2=" ">
   <subfield code="a">Mención de responsabilidad completa de portada: Francis Weston Sears, M. Russell Wehr, Mark W. Zemansky.</subfield>
  </datafield>
  <datafield tag="505" ind1="0" ind2=" ">
   <subfield code="a">Ch.1. Composition and resolution of vectors -- Ch.2. Equilibrium -- Ch.3. Equilibrium. Moment of a force -- Ch.4. Rectilinear motion -- Ch.5. Newton's second law. Gravitation -- Ch.6. Motion in a plane -- Ch.7. Work and energy -- Ch.8. Impulse an momentum -- Ch.9. Rotation -- Ch.10. Elasticity -- Ch.11. Harmonic motion -- Ch.12. Wave motion -- Ch.13. Vibrating bodies-Sound -- Ch.14. Hydrostatics -- Ch.15. Temperature-Expansion -- Ch.16. Work and heat -- Ch.17. The laws of thermodynamics -- Ch.18. The ideal gas and the atomic view of matter -- Ch.19. Coulomb's law -- Ch.20. The electric field -- Ch.21. Potential -- Ch.22. Current and resistance -- Ch.23. Direct-Current circuits -- Ch.24. The magnetic field -- Ch.25. Magnetic forces on current-carrying conductors -- Ch.26. Magnetic field of a current. Magnetic properties of matter -- Ch.27. Induced electromotive force -- Ch.28. Capacitance. Properties of dielectrics -- Ch.29. Inductance and transient currents -- Ch.30. Alternating currents currents and electromagnetic waves -- Ch.31. The nature and propagation of light -- Ch.32. Reflection and refraction at plane surfaces -- Ch.33. Reflection and refraction at a single surface -- Ch.34. Lenses -- Ch.35. Interference and diffraction -- Ch.36. Polarization -- Ch.37. Quantum theory of radiation -- Ch.38. The atomic models of Rutherford and Bohr -- Ch.39. Relativity -- Ch.40. X-Rays -- Ch.41. Waves and corpuscles -- Ch.42. Natural radioactivity -- Ch.43. Nuclear reactions and artificial radioactivity -- Ch.44. Nuclear energy -- Ch.45. Cosmic rays and the fundamental particles -- Appendix.</subfield>
  </datafield>
  <datafield tag="100" ind1="1" ind2=" ">
   <subfield code="a">Richards, James A.</subfield>
   <subfield code="q">(James Austin),</subfield>
   <subfield code="d">1916-</subfield>
   <subfield code="4">aut</subfield>
  </datafield>
  <datafield tag="700" ind1="1" ind2=" ">
   <subfield code="a">Sears, Francis Weston,</subfield>
   <subfield code="d">1898-1975.</subfield>
   <subfield code="4">aut</subfield>
  </datafield>
  <datafield tag="700" ind1="1" ind2=" ">
   <subfield code="a">Wehr, M. Russell</subfield>
   <subfield code="q">(Mentzer Russell),</subfield>
   <subfield code="d">1902-</subfield>
   <subfield code="4">aut</subfield>
  </datafield>
  <datafield tag="700" ind1="1" ind2=" ">
   <subfield code="a">Zemansky, Mark Waldo,</subfield>
   <subfield code="d">1900-1981.</subfield>
   <subfield code="4">aut</subfield>
  </datafield>
  <datafield tag="830" ind1=" " ind2="0">
   <subfield code="a">Addison-Wesley physics series</subfield>
  </datafield>
  <datafield tag="082" ind1="0" ind2="4">
   <subfield code="a">530</subfield>
  </datafield>
  <datafield tag="650" ind1="1" ind2="7">
   <subfield code="a">Física.</subfield>
   <subfield code="2">unbist</subfield>
  </datafield>
  <datafield tag="650" ind1="2" ind2="7">
   <subfield code="a">Termodinámica.</subfield>
   <subfield code="2">unbist</subfield>
  </datafield>
  <datafield tag="650" ind1="2" ind2="7">
   <subfield code="a">Campos magnéticos.</subfield>
   <subfield code="2">unbist</subfield>
  </datafield>
  <datafield tag="650" ind1="2" ind2="7">
   <subfield code="a">Campos electromagnéticos.</subfield>
   <subfield code="2">unbist</subfield>
  </datafield>
  <datafield tag="650" ind1="2" ind2="7">
   <subfield code="a">Radiación.</subfield>
   <subfield code="2">unbist</subfield>
  </datafield>
  <datafield tag="650" ind1="2" ind2="7">
   <subfield code="a">Energía nuclear.</subfield>
   <subfield code="2">unbist</subfield>
  </datafield>
  <datafield tag="859" ind1=" " ind2=" ">
   <subfield code="a">AR-BaUNS</subfield>
   <subfield code="b">BIB. CENTRAL - Sector C</subfield>
   <subfield code="h">530</subfield>
   <subfield code="i">R391</subfield>
   <subfield code="p">54311/969</subfield>
  </datafield>
  <datafield tag="859" ind1=" " ind2=" ">
   <subfield code="a">Ar-BaUNS</subfield>
   <subfield code="b">BIB. CENTRAL - Sector C</subfield>
   <subfield code="h">530</subfield>
   <subfield code="i">R391</subfield>
   <subfield code="p">114289/004</subfield>
   <subfield code="t">Ej.2</subfield>
  </datafield>
 </record>
</collection>
